Online katalóg knižníc regiónu Turca

Pán profesor, kde máte dcéru ? (Record no. 22476)

MARC details
000 -LEADER
fixed length control field 01138nam a2200349 a 4500
001 - CONTROL NUMBER
control field 22476
003 - CONTROL NUMBER IDENTIFIER
control field SK-KTurca
005 - DATE AND TIME OF LATEST TRANSACTION
control field 20260330140345.0
008 - FIXED-LENGTH DATA ELEMENTS--GENERAL INFORMATION
fixed length control field 090725s1975 xo e 000 f slo d
020 ## - INTERNATIONAL STANDARD BOOK NUMBER
Qualifying information (viaz.)
035 ## - SYSTEM CONTROL NUMBER
System control number (SVKBBclas03)vtls000270196
040 ## - CATALOGING SOURCE
Original cataloging agency SVKBB
Language of cataloging slo
Transcribing agency SVKBB
Description conventions AACR2
041 1# - LANGUAGE CODE
Language code of text/sound track or separate title slo
Language code of original hun
044 ## - COUNTRY OF PUBLISHING/PRODUCING ENTITY CODE
MARC country code xo
ISO country code SK
072 #7 - SUBJECT CATEGORY CODE
Subject category code 821.511.1
Subject category code subdivision Ugrofínske literatúry
Source konspekt
080 ## - UNIVERSAL DECIMAL CLASSIFICATION NUMBER
Universal Decimal Classification number 821.511.141-31
Edition identifier 2011
080 ## - UNIVERSAL DECIMAL CLASSIFICATION NUMBER
Universal Decimal Classification number (0:82-311.9)
Edition identifier 2011
100 1# - MAIN ENTRY--PERSONAL NAME
Personal name Horváth, Zoltán Géza
240 10 - UNIFORM TITLE
Uniform title Professzor úr, hol a lámya?
Language of a work Slovensky
245 10 - TITLE STATEMENT
Title Pán profesor, kde máte dcéru ?
Statement of responsibility, etc. Zoltán Géza Horváth ; [z maďarského originálu ... preložil Milan Žuffa]
250 ## - EDITION STATEMENT
Edition statement 1. vyd.
260 ## - PUBLICATION, DISTRIBUTION, ETC.
Place of publication, distribution, etc. Bratislava
Name of publisher, distributor, etc. Pravda
Date of publication, distribution, etc. 1975
300 ## - PHYSICAL DESCRIPTION
Extent 223 s.
Dimensions 21 cm
490 1# - SERIES STATEMENT
Series statement Členská knižnica Pravda
655 #7 - INDEX TERM--GENRE/FORM
Genre/form data or focus term maďarské romány
Source of term SNKPH
655 #7 - INDEX TERM--GENRE/FORM
Genre/form data or focus term vedecko-fantastické romány
Source of term SNKPH
655 #7 - INDEX TERM--GENRE/FORM
Genre/form data or focus term Hungarian fiction
Source of term SNKPHeng
655 #7 - INDEX TERM--GENRE/FORM
Genre/form data or focus term Science fiction novels
Source of term SNKPHeng
700 1# - ADDED ENTRY--PERSONAL NAME
Personal name Žuffa, Milan,
Dates associated with a name 1927-2014
Relationship trl
830 #0 - SERIES ADDED ENTRY--UNIFORM TITLE
Uniform title Členská knižnica Pravda
942 ## - ADDED ENTRY ELEMENTS (KOHA)
Source of classification or shelving scheme Dewey Decimal Classification
Koha item type Krásna literatúra pre dospelých
Suppress in OPAC No
Holdings
Stav vyradenia Strata Poškodenie Spôsob nadobudnutia Domovská knižnica Aktuálna knižnica Dátum nadobudnutia Total checkouts Čiarový kód exemplára Date last seen Typ exemplára
      Dar Obecná knižnica Horná Štubňa Obecná knižnica Horná Štubňa 30.03.2026   4736202041 30.03.2026 Krásna literatúra pre dospelých
Projekt je podporený Slovenskou asociáciou knižníc
Prevádzkuje Turčianska knižnica Martin 2026